Most Popular "M" Names of the 1940s - Statistics

General Stats
  • This quiz has been taken 473 times
  • The average score is 18 of 35
Answer Stats
GB M: % Correct
Girl Marie
96%
Girl Mary
96%
Boy Micheal
90%
Boy Matthew
85%
Girl Maria
83%
Boy Mark
83%
Boy Michael
83%
Girl Margaret
82%
Boy Martin
73%
Girl Martha
66%
Girl Marian
57%
Girl Marion
57%
Boy Marion
57%
Boy Max
56%
Girl Michele
52%
Girl Marcia
45%
Girl Marsha
45%
Boy Marvin
45%
Boy Mike
43%
Girl Mildred
40%
Girl Marilyn
39%
Girl Marianne
38%
Girl Maryann
38%
Girl Maureen
38%
Boy Melvin
38%
Boy Maurice
36%
Girl Minnie
35%
Boy Morris
35%
Girl Marlene
32%
Girl Maxine
27%
Boy Milton
24%
Boy Manuel
22%
Boy Marshall
21%
Girl Mattie
16%
Girl Margie
15%
No matching quizzes found
Score Distribution
Percent of People with Each Score
Percentile by Number Answered
Your Score History
You have not taken this quiz